000
00325 a2200145 4500
001
184806
020
_a
85-87420-50-X
040
_c
Magnum
100
_a
Guttmannn, Mônica
240
1
0
_a
A lata de sentimentos
_l
por
245
1
0
_a
A lata de sentimentos
300
_a
697
_a
LITERATURA INFANTO-JUVENIL
942
_c
BK
999
_c
184806
_d
184806